[Event "C.to Sociale"]
[Site "Taranto ITA"]
[Date "2000.??.??"]
[Round "6"]
[White "Lanzillotta, Angelo"]
[Black "Tarantino, Silvio"]
[Result "1-0"]
[WhiteElo "1741"]
[BlackElo "1767"]
[PlyCount "57"]
[EventDate "2000.??.??"]

1. c4 c5 2. Nf3 Nc6 3. d4 cxd4 4. Nxd4 Qb6 5. e3 e6 6. Nc3 a6 7. a3 Nf6 8. Be2
Be7 9. b4 d6 10. O-O O-O 11. b5 axb5 12. Ncxb5 e5 13. Nf3 Be6 14. Nd2 Na5 15.
Rb1 Qc5 16. a4 Bxc4 17. Nxc4 Nxc4 18. Bxc4 Qxc4 19. Nxd6 Qa6 20. Nf5 Bc5 21.
Qf3 e4 22. Qg3 Nh5 23. Qe5 b6 24. Bb2 Rfe8 25. Nh6+ Kf8 26. Qxh5 gxh6 27. Qxh6+
Ke7 28. Rfd1 b5 29. Qg5+ 1-0